000
00313nam a22001457a 4500
008
210429b ||||| |||| 00| 0 eng d
020
_a
9780023592522
041
_a
eng
080
_2
3rd
_a
316
082
_a
316
100
_a
50
101
_a
SOC
245
_a
The Changing Family
_c
Hutter,M
942
_2
udc
_c
BK
999
_c
56990
_d
56990